[Event "ITA-chT playoff 54th"]
[Site "Bacoli"]
[Date "2023.05.01"]
[Round "4"]
[White "Barp, Alberto"]
[Black "Godena, Michele"]
[Result "1/2-1/2"]
[WhiteElo "2432"]
[BlackElo "2437"]
[PlyCount "113"]
[EventDate "2023.05.01"]
[EventType "team-tourn"]
[EventRounds "4"]
[EventCountry "ITA"]
[SourceTitle "CBM 213 Extra"]
[Source "ChessBase"]
[SourceDate "2023.05.31"]
[SourceVersion "1"]
[SourceVersionDate "2023.05.31"]
[SourceQuality "1"]
[WhiteTeam "Arrocco"]
[BlackTeam "Lazio Scacchi"]
[WhiteTeamCountry "ITA"]
[BlackTeamCountry "ITA"]

1. d4 d5 2. c4 dxc4 3. Nf3 Nf6 4. e3 a6 5. Bxc4 e6 6. 0-0 c5 7. Nc3 b5 8. Be2 Bb7 9. dxc5 Bxc5 10. Qxd8+ Kxd8 11. Nd2 Nbd7 12. Nb3 Ke7 13. Nxc5 Nxc5 14. b4 Nce4 15. Nxe4 Nxe4 16. Bb2 f6 17. f3 Nd6 18. Bd4 e5 19. Bc5 Ke6 20. Rfd1 Rhd8 21. a4 bxa4 22. Rxa4 Nb5 23. Rda1 Nc3 24. Bc4+ Kf5 25. R4a3 Nb5 26. Rd3 Rxd3 27. Bxd3+ e4 28. Bc2 Rd8 29. Rf1 Rd2 30. fxe4+ Ke5 31. Rf5+ Ke6 32. Bb3+ Kd7 33. Bd5 Bxd5 34. exd5 Nc3 35. d6 Ne4 36. Rf4 Rd1+ 37. Rf1 Rxf1+ 38. Kxf1 a5 39. Ke2 a4 40. Kd3 Nxd6 41. Bxd6 Kxd6 42. Kc4 Kc6 43. b5+ Kb6 44. Kb4 a3 45. Kxa3 Kxb5 46. Kb3 Kc5 47. Kc3 Kd5 48. Kd3 f5 49. h4 Ke5 50. Kd2 Ke4 51. Ke2 h6 52. g3 g5 53. hxg5 hxg5 54. Kf2 Ke5 55. g4 f4 56. Kf3 fxe3 57. Kxe3 1/2-1/2

[Event "ITA-chT playoff 54th"]
[Site "Bacoli"]
[Date "2023.05.01"]
[Round "3"]
[White "Godena, Michele"]
[Black "Barp, Alberto"]
[Result "1/2-1/2"]
[WhiteElo "2437"]
[BlackElo "2432"]
[PlyCount "27"]
[EventDate "2023.05.01"]
[EventType "team-tourn"]
[EventRounds "4"]
[EventCountry "ITA"]
[SourceTitle "CBM 213 Extra"]
[Source "ChessBase"]
[SourceDate "2023.05.31"]
[SourceVersion "1"]
[SourceVersionDate "2023.05.31"]
[SourceQuality "1"]
[WhiteTeam "Lazio Scacchi"]
[BlackTeam "Arrocco"]
[WhiteTeamCountry "ITA"]
[BlackTeamCountry "ITA"]

1. e4 Nc6 2. Nf3 e5 3. Nc3 Nf6 4. d4 exd4 5. Nxd4 Bb4 6. Nxc6 bxc6 7. Bd3 d5 8. exd5 0-0 9. 0-0 Bg4 10. f3 Bh5 11. dxc6 Qd4+ 12. Kh1 Bxc3 13. bxc3 Qxc3 14. Bg5 1/2-1/2

[Event "ITA-chT GpA playoff 54th"]
[Site "Bacoli"]
[Date "2023.04.30"]
[Round "2"]
[White "Godena, Michele"]
[Black "Brunello, Sabino"]
[Result "0-1"]
[WhiteElo "2437"]
[BlackElo "2510"]
[PlyCount "86"]
[EventDate "2023.04.30"]
[EventType "team-tourn"]
[EventRounds "2"]
[EventCountry "ITA"]
[SourceTitle "CBM 213 Extra"]
[Source "ChessBase"]
[SourceDate "2023.05.31"]
[SourceVersion "1"]
[SourceVersionDate "2023.05.31"]
[SourceQuality "1"]
[WhiteTeam "Lazio Scacchi"]
[BlackTeam "Padova Obiettivo"]
[WhiteTeamCountry "ITA"]
[BlackTeamCountry "ITA"]

1. e4 e5 2. Nf3 Nf6 3. Nxe5 d6 4. Nf3 Nxe4 5. Bd3 d5 6. 0-0 Be7 7. Re1 Nd6 8. Nc3 c6 9. b3 0-0 10. Ba3 Nf5 11. Bxe7 Nxe7 12. Qe2 Ng6 13. Bxg6 hxg6 14. Qe7 Nd7 15. Ng5 Nc5 16. Qxc5 Qxg5 17. Re3 Qf6 18. Rae1 Be6 19. Ne2 b6 20. Qd4 Qxd4 21. Nxd4 Bd7 22. Re7 Rfe8 23. Kf1 Rxe7 24. Rxe7 Rd8 25. Nf3 Kf8 26. Re3 f6 27. h4 a5 28. d4 Kf7 29. Ke1 Bg4 30. Nh2 Bf5 31. Kd2 c5 32. Nf3 Rc8 33. c3 Be4 34. Ne1 Bb1 35. Kc1 cxd4 36. Rg3 Bxa2 37. Kc2 dxc3 38. Nd3 a4 39. bxa4 d4 40. Rg4 Rd8 41. Nb4 Be6 42. Rf4 Bf5+ 43. Kb3 d3 0-1

[Event "EU-ch 23rd"]
[Site "Vrnjacka Banja"]
[Date "2023.03.09"]
[Round "7"]
[White "Eric, Jovana"]
[Black "Godena, Michele"]
[Result "0-1"]
[WhiteElo "2230"]
[BlackElo "2446"]
[PlyCount "76"]
[EventDate "2023.03.03"]
[EventType "swiss"]
[EventRounds "11"]
[EventCountry "SRB"]
[SourceTitle "CBM 213"]
[Source "ChessBase"]
[SourceDate "2023.04.30"]
[SourceVersion "1"]
[SourceVersionDate "2023.04.30"]
[SourceQuality "1"]

1. e4 e5 2. Nf3 Nc6 3. Bc4 Bc5 4. d3 Nf6 5. Nc3 h6 6. a3 a6 7. 0-0 d6 8. Be3 0-0 9. Ne2 Bg4 10. Bxc5 dxc5 11. Nd2 b5 12. Ba2 Qd6 13. h3 Bd7 14. Ng3 g6 15. Nf3 Kg7 16. c3 Rfd8 17. Qe2 Be6 18. Bxe6 Qxe6 19. Rfd1 Nd7 20. d4 cxd4 21. cxd4 Nxd4 22. Nxd4 exd4 23. Rxd4 Ne5 24. Rad1 Qf6 25. Rd5 c6 26. Rxd8 Rxd8 27. Rxd8 Qxd8 28. Qc2 Qd3 29. Qc5 Qb1+ 30. Kh2 Qxb2 31. Ne2 Nc4 32. Ng3 Qxa3 33. Qxc6 Qd6 34. Qb7 Qb6 35. Qd5 Qxf2 36. e5 Qe3 37. Qc6 Qxe5 38. Qxa6 Ne3 0-1

[Event "Plovdiv Trainers and Students 2nd"]
[Site "Plovdiv"]
[Date "2022.10.03"]
[Round "6"]
[White "Petrov, Martin"]
[Black "Godena, Michele"]
[Result "1-0"]
[WhiteElo "2530"]
[BlackElo "2478"]
[PlyCount "92"]
[EventDate "2022.09.29"]
[EventType "swiss"]
[EventRounds "9"]
[EventCountry "BUL"]
[SourceTitle "CBM 210 Extra"]
[Source "ChessBase"]
[SourceDate "2022.11.30"]
[SourceVersion "1"]
[SourceVersionDate "2022.11.30"]
[SourceQuality "1"]

1. c4 e5 2. Nc3 Nf6 3. Nf3 Nc6 4. g3 d5 5. cxd5 Nxd5 6. Bg2 Nxc3 7. bxc3 Bc5 8. 0-0 0-0 9. d3 Rb8 10. Rb1 b6 11. Nd2 Bb7 12. Nb3 Bd6 13. d4 a5 14. d5 Ne7 15. c4 c6 16. Bb2 a4 17. Nc1 cxd5 18. cxd5 b5 19. e4 Ba6 20. Re1 Ng6 21. h4 Re8 22. Bf1 Qa5 23. h5 Nf8 24. h6 gxh6 25. Nd3 b4 26. Qd2 Ng6 27. Qxh6 Bxd3 28. Bxd3 a3 29. Ba1 b3 30. axb3 Rxb3 31. Red1 Rxb1 32. Rxb1 a2 33. Rd1 Qa4 34. Qh5 Rb8 35. Qe2 Kf8 36. Kg2 h5 37. Rd2 Ra8 38. Bc4 Rc8 39. Bb5 Qb4 40. Bc6 Qb1 41. Rxa2 h4 42. Bc3 hxg3 43. fxg3 Kg7 44. Ra1 Qb3 45. Bd2 Rh8 46. Bd7 Rc8 1-0